| 000 | 00855nam a2200253 a 4500 | ||
|---|---|---|---|
| 001 | 57772 | ||
| 003 | BD-RjUL | ||
| 005 | 20211209080542.0 | ||
| 008 | 161211s1981 coua b 000 0 eng | ||
| 020 |
_a089158594X : _c$24.00 (est.) |
||
| 035 | _a(BD-RjUL)57896 | ||
| 040 |
_aDLC _cDLC _dDLC _beng |
||
| 041 | _aeng | ||
| 082 | 0 | 0 |
_a305.4209788 _219 _bWOM 1981 |
| 245 | 0 | 0 |
_aWomen and the social costs of economic development : _btwo Colorado case studies / _cElizabeth Moen ... [et al.]. |
| 260 |
_aBoulder, Colo. : _bWestview Press, _c1981. |
||
| 300 |
_axvii, 215 p. : _bill. ; _c24 cm. |
||
| 504 | _aBibliography p. 205-215. | ||
| 650 | 0 |
_aWomen _zColorado _xSocial conditions. _9171581 |
|
| 700 | 1 |
_aMathiot, Elizabeth Moen. _9171582 |
|
| 942 |
_2ddc _cBK |
||
| 999 |
_c57772 _d57772 |
||